<?xml version="1.0" encoding="UTF-8"?>
<collection xmlns="http://www.loc.gov/MARC21/slim">
 <record>
  <leader>02282nab a2200445 i 4500</leader>
  <controlfield tag="001">elibro.ELB125652</controlfield>
  <controlfield tag="003">FINmELB</controlfield>
  <controlfield tag="005">20200605125407.0</controlfield>
  <controlfield tag="006">m     o  u        </controlfield>
  <controlfield tag="007">cr cn|||||||||</controlfield>
  <controlfield tag="008">200526c20069999mx tr p  o    0    0spa d</controlfield>
  <datafield tag="022" ind1=" " ind2=" ">
   <subfield code="a">1405-2687</subfield>
  </datafield>
  <datafield tag="035" ind1=" " ind2=" ">
   <subfield code="a">(OCoLC)1157823476</subfield>
  </datafield>
  <datafield tag="040" ind1=" " ind2=" ">
   <subfield code="a">FINmELB</subfield>
   <subfield code="b">spa</subfield>
   <subfield code="e">rda</subfield>
   <subfield code="c">FINmELB</subfield>
  </datafield>
  <datafield tag="050" ind1="1" ind2="4">
   <subfield code="a">PQ7153</subfield>
   <subfield code="b">.P383 2006</subfield>
  </datafield>
  <datafield tag="080" ind1=" " ind2=" ">
   <subfield code="a">821.134.2(720)(05)</subfield>
  </datafield>
  <datafield tag="082" ind1="0" ind2="4">
   <subfield code="a">860.9/972/05</subfield>
   <subfield code="2">23</subfield>
  </datafield>
  <datafield tag="100" ind1="1" ind2=" ">
   <subfield code="a">Patán, Federico.</subfield>
  </datafield>
  <datafield tag="245" ind1="1" ind2="3">
   <subfield code="a">La narrativa corta de Luis Arturo Ramos /</subfield>
   <subfield code="c">Federico Patán.</subfield>
  </datafield>
  <datafield tag="310" ind1=" " ind2=" ">
   <subfield code="a">Cuatrimestral</subfield>
  </datafield>
  <datafield tag="321" ind1=" " ind2=" ">
   <subfield code="a">Trimestral,</subfield>
   <subfield code="b">2006-2014</subfield>
  </datafield>
  <datafield tag="321" ind1=" " ind2=" ">
   <subfield code="a">La frecuencia varía,</subfield>
   <subfield code="b">1995-2005</subfield>
  </datafield>
  <datafield tag="336" ind1=" " ind2=" ">
   <subfield code="a">texto</subfield>
   <subfield code="b">txt</subfield>
   <subfield code="2">rdacontent/spa</subfield>
  </datafield>
  <datafield tag="337" ind1=" " ind2=" ">
   <subfield code="a">computadora</subfield>
   <subfield code="b">c</subfield>
   <subfield code="2">rdamedia/spa</subfield>
  </datafield>
  <datafield tag="338" ind1=" " ind2=" ">
   <subfield code="a">recurso en línea</subfield>
   <subfield code="b">cr</subfield>
   <subfield code="2">rdacarrier/spa</subfield>
  </datafield>
  <datafield tag="362" ind1="0" ind2=" ">
   <subfield code="a">no. 30, vol. 12 (Julio-Septiembre 2006)-</subfield>
  </datafield>
  <datafield tag="580" ind1=" " ind2=" ">
   <subfield code="a">Descripción basada en Revista de literatura mexicana contemporánea, no. 30, vol. 12 (Julio-Septiembre 2006), P. 69-77.</subfield>
  </datafield>
  <datafield tag="588" ind1=" " ind2=" ">
   <subfield code="a">Descripción basada en metadatos suministrados por el editor y otras fuentes.</subfield>
  </datafield>
  <datafield tag="590" ind1=" " ind2=" ">
   <subfield code="a">Recurso electrónico. Santa Fe, Arg.: elibro, 2020. Disponible vía World Wide Web. El acceso puede estar limitado para las bibliotecas afiliadas a elibro.</subfield>
  </datafield>
  <datafield tag="650" ind1=" " ind2="0">
   <subfield code="a">Mexican literature</subfield>
   <subfield code="y">20th century</subfield>
   <subfield code="x">History and criticism</subfield>
   <subfield code="v">Periodicals.</subfield>
  </datafield>
  <datafield tag="650" ind1=" " ind2="0">
   <subfield code="a">Mexican literature</subfield>
   <subfield code="y">21st century</subfield>
   <subfield code="x">History and criticism</subfield>
   <subfield code="v">Periodicals.</subfield>
  </datafield>
  <datafield tag="650" ind1=" " ind2="4">
   <subfield code="a">Literatura mexicana</subfield>
   <subfield code="y">Siglo XX</subfield>
   <subfield code="x">Historia y crítica</subfield>
   <subfield code="v">Publicaciones periódicas.</subfield>
  </datafield>
  <datafield tag="650" ind1=" " ind2="4">
   <subfield code="a">Literatura mexicana</subfield>
   <subfield code="y">Siglo XXI</subfield>
   <subfield code="x">Historia y crítica</subfield>
   <subfield code="v">Publicaciones periódicas.</subfield>
  </datafield>
  <datafield tag="655" ind1=" " ind2="4">
   <subfield code="a">Artículos electrónicos.</subfield>
  </datafield>
  <datafield tag="710" ind1="2" ind2=" ">
   <subfield code="a">Instituto Tecnoloógico y de Estudios Superiores de Monterrey.</subfield>
  </datafield>
  <datafield tag="710" ind1="2" ind2=" ">
   <subfield code="a">University of Texas at El Paso.</subfield>
   <subfield code="b">Center for Inter-American and Border Studies.</subfield>
  </datafield>
  <datafield tag="710" ind1="2" ind2=" ">
   <subfield code="a">University of Texas at El Paso.</subfield>
   <subfield code="b">Department of Languages and Linguistics.</subfield>
  </datafield>
  <datafield tag="773" ind1="1" ind2=" ">
   <subfield code="t">Revista de literatura mexicana contemporánea.</subfield>
   <subfield code="x">ISSN 1405-2687</subfield>
   <subfield code="d">El Paso, Texas (USA) : University, Department of languages and linguistics, Center for Inter-American &amp; Border Studies : México D.F. : Grupo Editorial Eón.</subfield>
   <subfield code="g">no. 30, vol. 12 (2006), p. 69-77</subfield>
  </datafield>
  <datafield tag="797" ind1="2" ind2=" ">
   <subfield code="a">elibro, Corp.</subfield>
  </datafield>
  <datafield tag="856" ind1="4" ind2="0">
   <subfield code="u">https://elibro.net/ereader/unsbiblio/125652</subfield>
  </datafield>
 </record>
</collection>
